| 000 | 01438nam a22002057a 4500 | ||
|---|---|---|---|
| 003 | OSt | ||
| 005 | 20240416094152.0 | ||
| 008 | 230630s2001 ag ||||| |||| 00| m spa d | ||
| 040 | _cbesoc | ||
| 100 | 1 |
_aSanta Cruz, Inés _eautor |
|
| 245 | 1 | 3 |
_aEl cuento en Santa Fe : _btipología de relato breve en el período 1930-1955 / _cInés Santa Cruz |
| 260 |
_aRosario : _bFundación Ross, _c2001 |
||
| 300 | _a264 p. | ||
| 505 |
_aIntroducción : rasgos del cuento en Santa Fe : tipología del relato breve en el período 1930-1955 -- _tLos regalos de Fred Devores ; El ruano de Manzanares / _rMateo Booz -- _tUn casamiento por azar ; Dos autores teatrales / _rCarlos Eduardo Carranza-- _tLa última cesantía / _rEmilio Alejandro Lamothe -- _tLas comunales de San Lorenzo ; Un orador, dos discursos ; Una coima / _rAlcides Greca -- _tNoche de Reyes / _rLuis Gudiño Kramer -- _tLos mojones ; Infortunio en tierra virgen / _rGastón Gori -- _tSe aquieta el juncal / _rDiego Oxley -- _tUn crimen ; Hombre al agua / _rLeonardo Castellani -- _tLa pesquisa de Don Frutos ; Crimen en la madrugada ; El permiso / _rVelmiro Ayala Gauna -- _tLos treinta dineros ; Fiebre / _rRosa Wernicke -- _tEl hombre que leía a Kant / _rAbel Rodríguez. |
||
| 650 | 4 |
_aLiteratura argentina _vCuentos _zSanta Fe |
|
| 700 | 1 |
_aBooz, Mateo, _d(1881-1943) _eautor |
|
| 700 | 1 |
_aGudiño Kramer, Luis, _d(1898-1973) _eautor |
|
| 700 | 1 |
_aWernicke, Rosa _d(1907-1971) _eautor |
|
| 942 |
_2udc _cOG _n0 |
||
| 999 |
_c17 _d17 |
||